| 000 | 00869cab a2200313 4500 | ||
|---|---|---|---|
| 001 | WB3132-04 | ||
| 008 | 090401t1995 xxu||||| |||| 00| 0 eng d | ||
| 035 | _a(Sirsi) u57154 | ||
| 041 | _aeng | ||
| 245 | _aHousebuilders | ||
| 260 | _c1995 | ||
| 350 | _a0 | ||
| 490 |
_aFinancial Times _v19 August 1995, 18 |
||
| 490 |
_aSunday Telegraph _v20 August 1995, pB1&5(3) |
||
| 520 | _aIn such a depressed market it is hard to know who would be prepared to buy the continuing stream of housebuilding companies coming up for sale. | ||
| 650 | _aBICC | ||
| 650 | _aBIRSE GROUP | ||
| 650 | _aCOSTAIN | ||
| 650 | _aHOUSE BUILDERS | ||
| 650 | _aHOUSE BUILDING | ||
| 650 | _aHOUSING MARKET | ||
| 650 | _aNEW ORDERS | ||
| 650 | _aRECESSION | ||
| 650 | _aTARMAC | ||
| 650 | _aY J LOVELL | ||
| 690 | _aBUILT ENVIRONMENT | ||
| 942 | _n0 | ||
| 948 | _c04/03/1997 | ||
| 999 |
_c34828 _d34828 |
||